000 02446nam0a2200397 4500
001 RU\NLR\BIBL_A\022583220
005 20260420050638.0
010 _a978-5-00209-184-3
_9250
021 _aRU
_bКН-П-25-029480
_9КН-П-25-2909
035 _a(NLR Aleph) 022583220
090 _a13677551
_c13677551
100 _a20250710d2025 u y0rusy50 ca
101 0 _arus
102 _aRU
105 _aa j 000yy
181 0 _ai
_bxxxe
182 0 _an
200 1 _aОсновы уголовного судопроизводства
_eучебник
_eдля бакалавриата/специалитета
_f[Бадяева П. С., преподаватель, Барыгина А. А., Ворожцов С. А., доценты, кандидаты юрид. наук, и др.]
_gпод редакцией профессора О. В. Качаловой
_gФедеральное государственное бюджетное образовательное учреждение высшего образования "Российский государственный университет правосудия имени В. М. Лебедева"
203 _aТекст
_bвизуальный
_cнепосредственный
210 _aМосква
_cРГУП им. В. М. Лебедева
_d2025
215 _a457 c.
_cтабл.
_d22
300 _aАвт. указаны на с. 3
300 _aНорматив. материал приводится по состоянию на 15 дек. 2024 г.
320 _aБиблиогр.: с. 451–452 (17 назв.) и в подстроч. примеч.
606 1 _aУголовный процесс
_jУчебники
_yРоссийская Федерация
_92078728
_3RU\NLR\AUTH\661254592
686 1 _aХ629.3я7
701 1 _aБадяева
_bП. С.
701 1 _aБарыгина
_bА. А.
_gАлександра Анатольевна
701 1 _aВорожцов
_bС. А.
_gСергей Алексеевич
702 1 _4340
_7ca
_8rus
_aКачалова
_bО. В.
_cд-р юрид. наук
_gОксана Валентиновна
_917352
_3RU\NLR\AUTH\7734348
712 0 2 _4475
_aРоссийский государственный университет правосудия им. В. М. Лебедева
_92670021
_3RU\NLR\AUTH\880629141
942 _cBOOK
980 _aNB